Veröffentlichungen zur Geschichte des hl. Ulrich im Jubiläumsjahr 1973
| Main Author: | |
|---|---|
| Format: | Print Article |
| Language: | German |
| Check availability: | HBZ Gateway |
| Interlibrary Loan: | Interlibrary Loan for the Fachinformationsdienste (Specialized Information Services in Germany) |
| Published: |
1974
|
| In: |
Jahrbuch
Year: 1974, Volume: 8, Pages: 173-176 |
| Further subjects: | B
Ulrich Augsburg, Bischof, Heiliger (890-973)
B Bibliography |
MARC
| LEADER | 00000caa a2200000 c 4500 | ||
|---|---|---|---|
| 001 | 68991394X | ||
| 003 | DE-627 | ||
| 005 | 20240822091031.0 | ||
| 007 | tu | ||
| 008 | 120410s1974 xx ||||| b 00| ||ger c | ||
| 035 | |a (DE-627)68991394X | ||
| 035 | |a (DE-576)9689913948 | ||
| 035 | |a (DE-599)GBV68991394X | ||
| 040 | |a DE-627 |b ger |c DE-627 |e rakwb | ||
| 041 | |a ger | ||
| 084 | |a 1 |2 ssgn | ||
| 084 | |a 07 |2 bwlb | ||
| 100 | 1 | |0 (DE-588)141055731 |0 (DE-627)624517675 |0 (DE-576)161927939 |4 aut |a Layer, Adolf |d 1920-1984 | |
| 109 | |a Layer, Adolf 1920-1984 |a Layer, A. 1920-1984 | ||
| 245 | 1 | 0 | |a Veröffentlichungen zur Geschichte des hl. Ulrich im Jubiläumsjahr 1973 |c Von Adolf Layer |
| 264 | 1 | |c 1974 | |
| 336 | |a Text |b txt |2 rdacontent | ||
| 337 | |a ohne Hilfsmittel zu benutzen |b n |2 rdamedia | ||
| 338 | |a Band |b nc |2 rdacarrier | ||
| 600 | 0 | 7 | |0 (DE-588)118625284 |0 (DE-627)079413668 |0 (DE-576)209140313 |a Ulrich |c Augsburg, Bischof, Heiliger |d 890-973 |2 gnd |7 (dpeaa)DE-631 |
| 601 | |a Veröffentlichung | ||
| 601 | |a Geschichte | ||
| 655 | 7 | |a Bibliografie |0 (DE-588)4006432-3 |0 (DE-627)104814519 |0 (DE-576)208865578 |2 gnd-content | |
| 773 | 0 | 8 | |i In |a Verein für Augsburger Bistumsgeschichte |t Jahrbuch |d Lindenberg : Kunstverl. Fink, 1967 |g 8(1974), Seite 173-176 |w (DE-627)167372807 |w (DE-600)510620-5 |w (DE-576)01567195X |x 0341-9916 |7 nnas |
| 773 | 1 | 8 | |g volume:8 |g year:1974 |g pages:173-176 |
| 935 | |a BWLB |a DTH5 | ||
| 951 | |a AR | ||
| ELC | |b 1 | ||
| ITA | |a 1 |t 1 | ||
| LOK | |0 000 xxxxxcx a22 zn 4500 | ||
| LOK | |0 001 4569724000 | ||
| LOK | |0 003 DE-627 | ||
| LOK | |0 004 68991394X | ||
| LOK | |0 005 20240822091031 | ||
| LOK | |0 008 240822||||||||||||||||ger||||||| | ||
| LOK | |0 040 |a DE-Tue135 |c DE-627 |d DE-Tue135 | ||
| LOK | |0 092 |o n | ||
| LOK | |0 852 |a DE-Tue135 | ||
| LOK | |0 852 1 |9 00 | ||
| LOK | |0 935 |a ixzs | ||
| LOK | |0 939 |a 22-08-24 |b l01 | ||
| ORI | |a SA-MARC-ixtheoa001.raw | ||
| SYA | 0 | 0 | |a Ulrich,von Augsburg, Bischof, Heiliger,890-973,Udalricus,Augustanus,890-973,Ulrich,I.,von Augsburg, Bischof, Heiliger,890-973,Udalrich,von Augsburg,890-973,Ulrich,Heiliger,890-973,Ulrich,Augsburg, Bischof,890-973,Ulrich,Saint,890-973,Udalricus,Sanctus,890-973,Ulricus,Augustanus,890-973,Ulricus,von Augsburg,890-973,Hulrich,von Augsburg,890-973,Huldericus,Augustanus,890-973,Huldricus,Augustanus,890-973,Augustanus, Udalricus,890-973,Ulricus,Sanctus,890-973,Pseudo-Udalricus,890-973,Udalrich,Augsburg, Bischof,890-973,Odalricus,Sanctus,890-973,Ulric,Saint, Bishop of Augsburg,890-973,Ulrich,Bischof von Augsburg,890-973,Ulrich von Augsburg,Bischof, Heiliger, Deutschland,890-973,Ulrich von Augsburg,Evêque, Saint, Allemagne,890-973,Ulrich von Augsburg,Bishop, Saint, Germany,890-973 |